COMESA merchandise trade statistics bulletin No.9 october 2010 (Record no. 37766)

MARC details
000 -LEADER
fixed length control field 00854nam a2200169 a 4500
008 - FIXED-LENGTH DATA ELEMENTS--GENERAL INFORMATION
fixed length control field 161109s2010 ||||||||||||||||| || u
050 ## - LIBRARY OF CONGRESS CALL NUMBER
Classification number COMESA(05)MTS/2010/9
110 ## - MAIN ENTRY--CORPORATE NAME
Corporate name or jurisdiction name as entry element Common Market for Eastern and Southern Africa (COMESA)
245 10 - TITLE STATEMENT
Title COMESA merchandise trade statistics bulletin No.9 october 2010
Statement of responsibility, etc. Common Market for Eastern and Southern Africa
260 ## - PUBLICATION, DISTRIBUTION, ETC.
Place of publication, distribution, etc. Lusaka
Name of publisher, distributor, etc. Common Market for Eastern and Southern Africa (COMESA)
Date of publication, distribution, etc. 2010
300 ## - PHYSICAL DESCRIPTION
Extent 90p.: ill.
650 ## - SUBJECT ADDED ENTRY--TOPICAL TERM
Topical term or geographic name entry element FOREIGN TRADE PROMOTION--AFRICA, EASTERN--STATISTICS
650 ## - SUBJECT ADDED ENTRY--TOPICAL TERM
Topical term or geographic name entry element AFRICA, SOUTHERN--COMMERCE--STATISTICS
650 ## - SUBJECT ADDED ENTRY--TOPICAL TERM
Topical term or geographic name entry element FOREIGN TRADE PROMOTION--AFRICA, SOUTHERN--STATISTICS
650 #0 - SUBJECT ADDED ENTRY--TOPICAL TERM
Topical term or geographic name entry element AFRICA, EASTERN--COMMERCE--STATISTICS
995 ## - RECOMMENDATION 995 [LOCAL, UNIMARC FRANCE]
-- CBU-MAIN LIBRARY (Kitwe)
-- 1
-- AVAILABLE
-- Nov 9, 2016
-- International Publications
Holdings
Withdrawn status Lost status Source of classification or shelving scheme Damaged status Not for loan Home library Current library Shelving location Date acquired Total Checkouts Full call number Barcode Date last seen Price effective from Koha item type
          CBU-MAIN LIBRARY, KITWE. CBU-MAIN LIBRARY, KITWE.   11/30/2022   COMESA(05)MTS/2010/9 B2803 11/30/2022 11/30/2022 MONOGRAPH